000 00780cam a2200253 4500
001 M2121
008 090401t1996 xxu||||| |||| 00| 0 eng d
035 _a(Sirsi) u36585
041 _aeng
050 _a690.24
090 _aRICS 1996/48AC
110 _aRoyal Institution of Chartered Surveyors
_94900
245 _aConsultation document : property condition surveys.
260 _aLondon
_bRICS
_c1996
300 _a27p. ; 30cm.
350 _a0
520 _aConsultation document. Closing date for comments 8 July 1996. Comments to be sent to T. Paton.
650 _aBUILT ENVIRONMENT-BUILDING INSPECTION
650 _aCONDITION SURVEYS
650 _aCONSULTATION DOCUMENT
690 _aBUILT ENVIRONMENT-BUILDING INSPECTION
942 _n0
948 _c04/03/1997
999 _c90342
_d90342